000 00698nam a2200241Ia 4500
003 OSt
005 20220924121337.0
006 a|||||r|||| 00| 0
007 ta
008 220923b |||||||| |||| 00| 0 urd d
024 _a314397
037 _cTextual
040 _aARTS
_cARTS
_burd
041 _2urd
_aurd
082 _aO168,1N152:g, K9
100 _aJami Khursheed Ahmad
_9185410
245 0 _aQeemat-e-arz-e-hunar
260 _aHyderabad
_bJashn Jami Comety India
_c1969
650 _aURDU POETRY
700 _a Khawair Mehmood Ed.
_9185411
942 _hO168,1N152:g, K9
_cTEXL
_2CC
999 _c407022
_d407022